| 000 | 00723nam a2200181Ia 4500 | ||
|---|---|---|---|
| 003 | GCL | ||
| 008 | 140319s9999 xx 000 0 ara d | ||
| 040 |
_aGCL / _cGCL |
||
| 082 | 0 | 4 |
_aق _b320.962 _bص م |
| 100 | 1 | _aصلاح زكى احمد | |
| 245 | 1 | 0 |
_aمصر والمسألة الديمقراطية : دراسة فى تطور الفكر الديمقراطى والحياة النيابية فى مصر 1798 - 1952 / _cصلاح زكى احمد |
| 300 | _a219 ص | ||
| 490 |
_aالهيئة العامة للاستعلامات _v0 |
||
| 650 | 0 | 4 | _aالديمقراطية |
| 650 | 0 | 4 | _aمصر - الاحوال السياسية |
| 650 | 0 | 4 | _aمصر - تاريخ - العصر الحديث (1805 - 1956 ) |
| 942 |
_2ddc _cBK |
||
| 999 |
_c49030 _d49030 |
||